书目信息 |
| 题名: |
射频和无线技术入门
|
|
| 作者: | 韦斯曼, , Weisman, 著 ;刘志华 , 徐红艳 , 李萍 译 | |
| 分册: | ||
| 出版信息: | 北京 清华大学出版社 2005.6 |
|
| 页数: | X,203页 | |
| 开本: | 23cm | |
| 丛书名: | ||
| 单 册: | ||
| 中图分类: | TN92 | |
| 科图分类: | ||
| 主题词: | 无线电信号--wu xian dian xin hao--射频接转--通信技术 , 无线电通信--wu xian dian tong xin--通信系统 , 射频接转--she pin jie zhuan , 通信技术--tong xin ji shu , 通信系统--tong xin xi tong | |
| 电子资源: | ||
| ISBN: | 7-302-10657-6 | |
| 000 | 01716cam0 2200409 450 | |
| 001 | 012005097448 | |
| 005 | 20051124090126.23 | |
| 010 | @a7-302-10657-6@dCNY25.00 | |
| 100 | @a20050716d2005 em y0chiy0121 ea | |
| 101 | 1 | @achi@ceng |
| 102 | @aCN@b110000 | |
| 105 | @ay z 000yy | |
| 200 | 1 | @a射频和无线技术入门@Ashe pin he wu xian ji shu ru men@d= The essential guide to RF and wireless@f[韦斯曼]Carl J. Weisman著@g刘志华,徐红艳,李萍译@zeng |
| 205 | @a第2版 | |
| 210 | @a北京@c清华大学出版社@d2005.6 | |
| 215 | @aX,203页@d23cm | |
| 304 | @a书名原文:The essential guide to RF and wireless | |
| 305 | @a根据原书第2版译出 | |
| 306 | @a由Pearson Education 授权出版 | |
| 314 | @a韦斯曼(Carl J. Weisman),1980年获电子工程学学位,著有《射频和无线技术入门》等。 | |
| 320 | @a有书目 | |
| 330 | @a本书对基本射频硬件及无线通信系统从概念到工作原理上都有详细的介绍,并具体地介绍了无线通信系统发展过程中所出现的关键技术及系统,如广播、雷达、移动电话系统等;对无线通信中较新领域的关键技术也进行了介绍,如宽带固定无线通讯、无线网络等。 | |
| 510 | 1 | @aThe essential guide to RF and wireless@zeng |
| 606 | 0 | @a无线电信号@Awu xian dian xin hao@x射频接转@x通信技术 |
| 606 | 0 | @a无线电通信@Awu xian dian tong xin@x通信系统 |
| 606 | 0 | @a射频接转@Ashe pin jie zhuan |
| 606 | 0 | @a通信技术@Atong xin ji shu |
| 606 | 0 | @a通信系统@Atong xin xi tong |
| 690 | @aTN92@v4 | |
| 701 | 1 | @a韦斯曼,@Awei si man@bC. J.@g(Weisman, Carl J.)@4著 |
| 701 | 1 | @aWeisman,@C. J.@g(Weisman, Carl J.)@4著 |
| 702 | 0 | @a刘志华@Aliu zhi hua@4译 |
| 702 | 0 | @a徐红艳@Axu hong yan@4译 |
| 702 | 0 | @a李萍@Ali ping@4译 |
| 801 | 0 | @aCN@bSRXX@c20051124 |
| 801 | 2 | @aCN@bSRXX@c20051110 |
| 905 | @a10447@dTN92@eW520-2 | |
| 射频和无线技术入门= The essential guide to RF and wireless/[韦斯曼]Carl J. Weisman著/刘志华,徐红艳,李萍译.-第2版.-北京:清华大学出版社,2005.6 |
| X,203页;23cm |
| ISBN 7-302-10657-6:CNY25.00 |
| 本书对基本射频硬件及无线通信系统从概念到工作原理上都有详细的介绍,并具体地介绍了无线通信系统发展过程中所出现的关键技术及系统,如广播、雷达、移动电话系统等;对无线通信中较新领域的关键技术也进行了介绍,如宽带固定无线通讯、无线网络等。 |
| ● |
| 相关链接 |
|
|
|
正题名:射频和无线技术入门
索取号:TN92/W520-2
 
预约/预借
| 序号 | 登录号 | 条形码 | 馆藏地/架位号 | 状态 | 备注 |
| 1 | 545164 | 205451642 | 自科库301/301自科库 999排3列3层/ [索取号:TN92/W520-2] | 在馆 | |
| 2 | 545165 | 205451651 | 自科库301/404自科库 19排4列1层/ [索取号:TN92/W520-2] | 在馆 | |
| 3 | 545166 | 205451660 | 自科库301/301自科库 999排3列3层/ [索取号:TN92/W520-2] | 在馆 |